Music Quiz

Random Music or Rock Quiz

Are You Ready to Rock? Quiz Stats

 Plays Quiz Updated Jun 5, 2018

Challenge
Share
Tweet
Score 0/25 Timer 05:00
36 Plays Today
% Correct
Kiss
97.2%
Guns N' Roses
88.5%
The Beatles
86.4%
The Rolling Stones
84.7%
Alice Cooper
82.8%
Green Day
82.4%
Nirvana
78.9%
The Police
72.7%
Red Hot Chili Peppers
72.5%
AC/DC
71.6%
Janis Joplin
69.5%
Van Halen
63.9%
Oasis
61.5%
% Correct
Ramones
60.1%
Evanescence
51.9%
Led Zeppelin
46.3%
Pearl Jam
45.9%
Heart
44.9%
Radiohead
44.3%
30 Seconds to Mars
39.6%
System of a Down
36.5%
Linkin Park
35%
Megadeth
31.9%
Pink Floyd
30.7%
Eagles
30.3%

You're not logged in!

Compare scores with friends on all Sporcle quizzes.
Join for Free
OR
Log In

You Might Also Like...

Show Comments

Extras

Top Quizzes Today


Score Distribution

Your Account Isn't Verified!

In order to create a playlist on Sporcle, you need to verify the email address you used during registration. Go to your Sporcle Settings to finish the process.

Report this User

Report this user for behavior that violates our Community Guidelines.

Details: